Far Cry Games - Statistics

General Stats
  • This quiz has been taken 80 times
  • The average score is 9 of 14
Answer Stats
Year Game Developer Platform % Correct
2004 Far Cry Crytek Windows
100%
2008 Far Cry 2 Ubisoft Montreal Windows
99%
2012 Far Cry 3 Ubisoft Montreal Windows
99%
2018 Far Cry 5 Ubisoft Montreal Windows
99%
2014 Far Cry 4 Ubisoft Montreal Windows
96%
2021 Far Cry 6 Ubisoft Toronto Windows
96%
2016 Far Cry Primal Ubisoft Montreal Windows
90%
2019 Far Cry New Dawn Ubisoft Montreal Windows
88%
2013 Far Cry 3: Blood Dragon Ubisoft Montreal Windows
59%
2005 Far Cry Instincts Ubisoft Montreal Xbox
34%
2006 Far Cry Instincts: Predator Ubisoft Montreal Xbox 360
19%
2006 Far Cry Vengeance Ubisoft Montreal Wii
18%
2006 Far Cry Instincts: Evolution Ubisoft Montreal Xbox
13%
2007 Far Cry Paradise Lost Global VR Arcade Machine
9%
No matching quizzes found
Score Distribution
Percent of People with Each Score
Percentile by Number Answered
Your Score History
You have not taken this quiz